000 00292nam a22001337a 4500
008 190225b xxu||||| |||| 00| 0 eng d
020 _a9781878787378
041 _aeng
080 _a371
100 _a25
101 _aEDU
245 _aWorkbook and Portfolio
_cBingham, M
942 _2udc
_cBK
999 _c54218
_d54218